CA Osasuna Squad 2019-2020 - Statistics

General Stats
  • This quiz has been taken 29 times
  • The average score is 19 of 30
Answer Stats
# Position Nation Player % Correct
5 DF Spain David García
100%
2 DF Spain Nacho Vidal
100%
1 GK Spain Sergio Herrera
100%
4 DF Spain Unai García
100%
9 FW Argentina Chimy Ávila
90%
20 MF Serbia Darko Brašanac
90%
27 MF Spain Jon Moncayola
90%
30 DF Ecuador Pervis Estupiñán
90%
10 MF Spain Roberto Torres
90%
14 MF Spain Rubén García
90%
23 DF Spain Aridane Hernández
80%
19 FW Spain Kike Barja
80%
13 GK Spain Rubén Martínez
80%
- Coach Spain Jagoba Arrasate
70%
6 MF Spain Oier Sanjurjo
70%
22 FW Spain Adrián López
60%
11 FW Spain Enric Gallego
60%
12 DF Argentina Facundo Roncaglia
60%
21 MF Spain Iñigo Pérez
60%
16 FW Spain José Arnáiz
50%
26 GK Spain Juan Pérez
50%
18 FW Spain Juan Villar
40%
17 FW Spain Rober Ibáñez
40%
11 FW Spain Brandon Thomas
30%
8 MF Spain Fran Mérida
30%
7 FW Spain Marc Cardona
30%
16 DF Spain Lillo
20%
3 DF Spain Raúl Navas
20%
15 DF Spain Toni Lato
20%
28 MF Spain Luis Perea
10%
No matching quizzes found
Score Distribution
Percent of People with Each Score
Percentile by Number Answered
Your Score History
You have not taken this quiz